| 000 | 00954nam a22002177a 4500 | ||
|---|---|---|---|
| 003 | OSt | ||
| 005 | 20250905110358.0 | ||
| 008 | 231003b ||||| |||| 00| 0 eng d | ||
| 040 | _c0 | ||
| 082 | _aDPer 658.3005 H880 February-November 2020 v. 23 n. 1-5 | ||
| 100 |
_aWorst, Steff. _eauthor. _949465 |
||
| 245 |
_aFrom chess to queergaming : _bplay'ing with and disrupting heteronormative assumptions in the performance of gender and sexual orientation / _cSteff Worst and Saoirse C. O'Shea. |
||
| 260 |
_aUnited Kingdom ; _bTaylor & Francis Group , _cNovember 2020. |
||
| 300 |
_aVolume 23, pages 519-541 ; _c25 cm. |
||
| 500 | _aHuman Resource Development International Enhancing, performance, learning and integrity, vol. 23, no. 5, pages 519-541, November 2020. | ||
| 650 |
_aSex role. _949466 |
||
| 650 |
_aHuman capital. _912625 |
||
| 700 |
_aWorst, Steff. _eauthor. _949465 |
||
| 700 |
_aO'Shea, Saoirse C. _eauthor. _949467 |
||
| 942 |
_2ddc _cPER |
||
| 999 |
_c18301 _d18301 |
||